A geometric approach to differential forms
Saved in:
| Main Author: | |
|---|---|
| Format: | Book |
| Language: | English |
| Published: |
Boston :
Birkhauser,
2006
|
| Subjects: | |
| Tags: |
Add Tag
No Tags, Be the first to tag this record!
|
MARC
| LEADER | 00000nam a2200000 i 4500 | ||
|---|---|---|---|
| 001 | 1/81563 | ||
| 008 | 080410s2006 eng d | ||
| 020 | |a 978-0-8176-4499-4 | ||
| 020 | |a 0-8176-4499-7 | ||
| 035 | |l 10096485 | ||
| 040 | |a GR-MY-UA |b gre |e aacr | ||
| 041 | 0 | |a eng | |
| 082 | 0 | |a 515.37 |2 (22) | |
| 100 | 1 | |a Bachman, David. | |
| 245 | 1 | 2 | |a A geometric approach to differential forms / |c David Bachman |
| 260 | |a Boston : |b Birkhauser, |c 2006 | ||
| 300 | |a xvi, 133 σ.; |b εικ.; |c 24 εκ. | ||
| 504 | |a Βιβλιογραφία: σ. 123 | ||
| 504 | |a Ευρετήριο: σ. 125-126 | ||
| 650 | 0 | 0 | |a Differential forms. |
| 650 | 0 | 0 | |a Geometry, Differential. |
| 852 | |a INST |b LESVOS |e 20080410 |h 515.37 BAC |p 005100039565 |q 005100039565 |t BK |y 0 | ||
| 901 | |a BIBL1-2008-1 | ||
| 909 | |a Λ |b 143985 | ||
| 922 | |a 1ΕΛΗ |b 200801 |c ΕΠΕΑΕΚ2/ΤΕΘ |d ΠΑΠΑΣΩΤΗΡΙΟΥ | ||
| 970 | |a ΚΑΡΑ |b ΓΙΑΣΕΜΗ |z 2008/04/10 | ||